|
|
|
|
| LEADER |
00000nam0a2200000 4500 |
| 001 |
333624 |
| 005 |
20231102004556.0 |
| 035 |
|
|
|a (RuTPU)RU\TPU\book\359637
|
| 090 |
|
|
|a 333624
|
| 100 |
|
|
|a 20170621d1973 km y0rusy50 ca
|
| 101 |
0 |
|
|a rus
|
| 102 |
|
|
|a RU
|
| 105 |
|
|
|a a z 001zy
|
| 200 |
1 |
|
|a Теория и практика открытых разработок
|f под ред. Н. В. Мельникова
|
| 210 |
|
|
|a Москва
|c Недра
|d 1973
|
| 215 |
|
|
|a 636 с.
|c ил.
|
| 320 |
|
|
|a Библиография в конце глав
|
| 606 |
1 |
|
|a Горные работы открытые
|x Инженерно-геологические исследования
|2 stltpush
|3 (RuTPU)RU\TPU\subj\8233
|9 35699
|
| 610 |
1 |
|
|a техническое развитие
|
| 610 |
1 |
|
|a карьеры
|
| 610 |
1 |
|
|a проектирование
|
| 610 |
1 |
|
|a границы
|
| 610 |
1 |
|
|a производственная мощность
|
| 610 |
1 |
|
|a карьерные поля
|
| 610 |
1 |
|
|a вскрышные работы
|
| 610 |
1 |
|
|a месторождения
|
| 610 |
1 |
|
|a комплексная механизация
|
| 610 |
1 |
|
|a экскаваторы
|
| 610 |
1 |
|
|a горное оборудование
|
| 610 |
1 |
|
|a транспорт
|
| 610 |
1 |
|
|a буровые станки
|
| 610 |
1 |
|
|a взрывные работы
|
| 610 |
1 |
|
|a гидромеханизация
|
| 610 |
1 |
|
|a вспомогательные работы
|
| 610 |
1 |
|
|a горные выработки
|
| 610 |
1 |
|
|a отвалы
|
| 610 |
1 |
|
|a вода
|
| 610 |
1 |
|
|a потери
|
| 610 |
1 |
|
|a полезные ископаемые
|
| 610 |
1 |
|
|a стоимостные показатели
|
| 675 |
|
|
|a 622.271
|v 4
|
| 702 |
|
1 |
|a Мельников
|b Н. В.
|g Николай Васильевич
|4 340
|
| 801 |
|
1 |
|a RU
|b 63413507
|c 20170621
|
| 801 |
|
2 |
|a RU
|b 63413507
|c 20170623
|g RCR
|
| 942 |
|
|
|c BK
|